00433 2200169 4500001002100000005001500021008004100036035001900077041000700096082000800103090001200111100002600123245003500149260002600184300002000210650003300230INLIS00000000001502920241224114846241224||||||||| | ||| |||| || |  0010-1224015029 aid0 a580 a580 MEN0 aKOMUNITAS DIAN AKSARA00aMENGENAL KEANEKARAGAMAN HAYATI aBandungbPuri Pustaka a70hlm;14.5x21cm 0aILMU TENTANG TUMBUH TUMBUHAN